Carbohydrate chemistry. a review of the literature published during 1974 / Volume 8 :

Carbohydrate Chemistry provides review coverage of all publications relevant to the chemistry of monosaccharides and oligosaccharides in a given year. The amount of research in this field appearing in the organic chemical literature is increasing because of the enhanced importance of the subject, es...

Full description

Bibliographic Details
Corporate Author: Royal Society of Chemistry (Great Britain)
Other Authors: Brimacombe, J. S.
Format: eBook
Language:English
Published: London : Chemical Society, [1976]
Series:SPR - carbohydrate chemistry ; v. 8.
Subjects:
Online Access:Connect to the full text of this electronic book

MARC

Tag First Indicator Second Indicator Subfields
LEADER 00000cam a2200000Ia 4500
001 in00004357721
005 20210728140359.0
006 m o d
007 cr cn|||||||||
008 080731s1976 enk ob 001 0 eng d
015 |a GBB6G4933  |2 bnb 
016 7 |a 018019793  |2 Uk 
019 |a 1027380068  |a 1052112872  |a 1063532575  |a 1107202621 
020 |a 1847552854 
020 |a 9781847552853 
024 7 |a 10.1039/9781847552853  |2 doi 
035 |a (OCoLC)237047459  |z (OCoLC)1027380068  |z (OCoLC)1052112872  |z (OCoLC)1063532575  |z (OCoLC)1107202621 
035 |a (OCoLC)ocn237047459 
035 |a 6431453 
037 |a 10.1039/9781847552853  |b Royal Society of Chemistry  |n http://www.rsc.org/spr 
040 |a UKRSC  |b eng  |c UKRSC  |d UKRSC  |d U5D  |d SINTU  |d OCLCQ  |d OCLCF  |d OCLCO  |d U3G  |d OCLCQ  |d OCLCO  |d OCLCQ  |d NLE  |d UKMGB  |d LEAUB  |d OCLCQ  |d IEUOL  |d UtOrBLW 
049 |a TXAM 
050 1 4 |a QD321 
072 7 |a PN  |2 bicssc 
082 0 4 |a 547.78  |2 22 
245 0 0 |a Carbohydrate chemistry.  |n Volume 8 :  |b a review of the literature published during 1974 /  |c Senior reporter, J.S. Brimacombe ; reporters, R.J. Ferrier-- [and others]. 
264 1 |a London :  |b Chemical Society,  |c [1976] 
264 4 |c ©1976 
300 |a 1 online resource (xii, 450 pages) 
336 |a text  |b txt  |2 rdacontent 
337 |a computer  |b c  |2 rdamedia 
338 |a online resource  |b cr  |2 rdacarrier 
490 1 |a SPR - carbohydrate chemistry ;  |v v. 8 
500 |a Electronic resource. 
504 |a Index: pages 460-485. 
520 |a Carbohydrate Chemistry provides review coverage of all publications relevant to the chemistry of monosaccharides and oligosaccharides in a given year. The amount of research in this field appearing in the organic chemical literature is increasing because of the enhanced importance of the subject, especially in areas of medicinal chemistry and biology. In no part of the field is this more apparent than in the synthesis of oligosaccharides required by scientists working in glycobiology. Clycomedicinal chemistry and its reliance on carbohydrate synthesis is now very well established, for example, by the preparation of specific carbohydrate- based antigens, especially cancer-specific oligosaccharides and glycoconjugates. Coverage of topics such as nucleosides, amino-sugars, alditols and cyclitols also covers much research of relevance to biological and medicinal chemistry. Each volume of the series brings together references to all published work in given areas of the subject and serves as a comprehensive database for the active research chemist Specialist Periodical Reports provide systematic and detailed review coverage in major areas of chemical research. Compiled by teams of leading authorities in the relevant subject areas, the series creates a unique service for the active research chemist, with regular, in-depth accounts of progress in particular fields of chemistry. Subject coverage within different volumes of a given title is similar and publication is on an annual or biennial basis. Current subject areas covered are Amino Acids, Peptides and Proteins, Carbohydrate Chemistry, Catalysis, Chemical Modelling: Applications and Theory, Electron Paramagnetic Resonance, Nuclear Magnetic Resonance, Organometallic Chemistry, Organophosphorus Chemistry, Photochemistry and Spectroscopic Properties of Inorganic and Organometallic Compounds. From time to time, the series has altered according to the fluctuating degrees of activity in the various fields, but these volumes remain a superb reference point for researchers. 
650 0 |a Carbohydrates.  |0 http://id.loc.gov/authorities/subjects/sh85020080 
650 7 |a Carbohydrates.  |2 fast  |0 (OCoLC)fst00846754 
650 7 |a Chemistry.  |2 bicssc 
650 7 |a Hydrocarbures.  |2 ram 
650 7 |a REFERENCE  |x Yearbooks & Annuals.  |2 bisacsh 
650 7 |a SCIENCE  |x Chemistry  |x Organic.  |2 bisacsh 
650 7 |a Science.  |2 eflch 
655 7 |a Electronic books.  |2 local 
700 1 |a Brimacombe, J. S.  |0 http://id.loc.gov/authorities/names/n83828068 
710 2 |a Royal Society of Chemistry (Great Britain)  |0 http://id.loc.gov/authorities/names/n81122723 
776 1 |c Original  |w (OCoLC)31510078 
830 0 |a SPR - carbohydrate chemistry ;  |v v. 8. 
856 4 0 |u http://proxy.library.tamu.edu/login?url=https://dx.doi.org/10.1039/9781847552853  |z Connect to the full text of this electronic book  |t 0 
955 |a RSC eBooks 
994 |a 92  |b TXA 
999 f f |s d639bcfc-948d-35a4-a871-7d395a50e5e5  |i c00326a5-a6de-33b4-8296-023307edb611  |t 0 
952 f f |a Texas A&M University  |b College Station  |c Electronic Resources  |d Available Online  |t 0  |e QD321  |h Library of Congress classification 
998 f f |a QD321  |t 0  |l Available Online